Динамика полета беспилотных летательных аппаратов: учебное пособие для втузов

Detalhes bibliográficos
Autor principal: Лебедев А. А. Александр Алесандрович
Outros Autores: Чернобровкин Л. С. Лев Семенович
Idioma:russo
Publicado em: Москва, Машиностроение, 1973
Edição:2-е изд., перераб. и доп.
Assuntos:
Formato: Livro
KOHA link:https://koha.lib.tpu.ru/cgi-bin/koha/opac-detail.pl?biblionumber=86637

MARC

LEADER 00000nam0a2200000 4500
001 86637
005 20231031101700.0
035 |a (RuTPU)RU\TPU\book\93036 
090 |a 86637 
100 |a 20051128d1973 m y0rusy50 ca 
101 0 |a rus 
102 |a RU 
105 |a a j 001zy 
200 1 |a Динамика полета беспилотных летательных аппаратов  |e учебное пособие для втузов  |f А. А. Лебедев, Л. С. Чернобровкин 
205 |a 2-е изд., перераб. и доп. 
210 |a Москва  |c Машиностроение  |d 1973 
215 |a 616 с.  |c черт. 
320 |a Библиогр.: с. 613 
610 1 |a летательные аппараты 
610 1 |a аэродинамика 
610 1 |a учебные пособия 
610 1 |a полеты 
610 1 |a аэродинамические характеристики 
610 1 |a динамические свойства 
610 1 |a движение 
675 |a 629.735.015(075.8)  |v 3 
700 1 |a Лебедев  |b А. А.  |g Александр Алесандрович 
701 1 |a Чернобровкин  |b Л. С.  |g Лев Семенович 
801 1 |a RU  |b 63413507  |c 20051128  |g PSBO 
801 2 |a RU  |b 63413507  |c 20140926  |g PSBO 
942 |c BK